00287nam a2200121Ia 45000030006000000080041000060400015000471000021000622450028000832600025001115460012001360050017001480STCL150530s9999 xx 000 0 und d aSTCLcSTCL aChesterton, G.K. aJudjement of Dr.Johnson bSheed and wardc1927 aEnglish20220125171009.0